000 00328nam a2200133Ia 4500
005 20251222143208.0
008 251222s9999||||xx |||||||||||||| ||spa||
020 _a84-7838-350-6
082 _a781/C25
100 _aCandé, Rolando de
245 0 _aGuía de Apreciación Musical
264 _bEdiciones del Prado
942 _cLIB
999 _c13325
_d13325